000 00491nam a2200193Ia 4500
005 20250326124006.0
008 250326s9999 xx 000 0 und d
037 _aTextbook
040 _aFMSL
_beng
_cFMSL
041 _aeng
_2eng
084 _aX K6
_qFMSL
100 _aLoucks W N
_9736564
245 0 _aComparative economic systems
_cLoucks W N
250 _a7
260 _aNY
_bNY, Harper & Row
_c1966
300 _a758p
942 _cTB
_hX K6
999 _c1271795
_d1271795